Quizzes
Events
Quiz Creation
Community
Videos
Private Events
Remove Ads
Sign In
Join for FREE
Feedback
Dark Mode
Quiz Categories
Sports
Geography
Music
Movies
Television
Just For Fun
Miscellaneous
History
Literature
Language
Science
Gaming
Entertainment
Religion
Holiday
For Kids
Quiz Lab
Recent
Popular Today
Quiz Kudos Today
Editor Picks
Curator Picks
Quizzes by...
Day
Popularity
Type
Ratings
Length
Year
Community
Subscriptions
Recent Discussions
Orange Saloon
Badges
Playlists
Quests
Create
Leaderboards
Showdown
Live 5
Trivia Bingo
Activity
Puzzle Library
Sporcle Events
Private Events
Virtual Trivia
Globe League
Become a Host
Pub Owners
SporcleCon
Opinionation
Our Games
Videos
Blog
Mobile Apps
Partnerships
Remove Ads and Go Orange
Feedback
Geography
Country
Landmarks
City
State
Population
World
Capital
Continent
Flags
Europe
Africa
Asia
South America
North America
Oceania
Border
Canada
United Kingdom
Topography
United States
Geography
Country
Landmarks
City
State
Population
World
Capital
Continent
Flags
Europe
Africa
Asia
South America
North America
Oceania
Border
Canada
United Kingdom
Topography
United States
Random Quiz
Search Sporcle
×
Quiz Lab
Quiz Lab
Geography
Capital
Type in answers that appear in a list
Type in answers that appear in a list
Classic
Best Score? Go Orange.
ABC Capitals Stats
Can you name the capitals beginning with the letters A, B and C?
By
Bogeiman
7m
49 Questions
208 Plays
208 Plays
208 Plays
Comments
Comments
Give Quiz Kudos
Give Quiz Kudos
-
- Ratings
hide this ad
Replay
Link that replays current quiz
Next Quiz
Link to next quiz in quiz playlist
You Got
0%
They Got
Avg Score
85%
Avg Friend Score
Upgrade to see
Score Distribution
Jump to the score distribution portion of the page
Score
0/49
Timer
07:00
0
Plays Today
Letter
Capital
% Correct
A
Athens
99%
A
Amsterdam
98.1%
C
Cairo
96.6%
B
Baghdad
96.2%
B
Beijing
96.2%
C
Canberra
96.2%
B
Brasilia
95.7%
B
Berlin
95.2%
B
Brussels
95.2%
A
Algiers
94.7%
A
Ankara
94.7%
B
Bangkok
94.7%
B
Bern
94.7%
B
Buenos Aires
94.2%
C
Copenhagen
94.2%
A
Addis Ababa
93.8%
B
Budapest
93.8%
B
Bucharest
92.8%
B
Bogota
91.8%
C
Caracas
91.8%
A
Abu Dhabi
91.3%
A
Amman
90.4%
A
Andorra la Vella
90.4%
B
Bratislava
90.4%
A
Asuncion
89.9%
Letter
Capital
% Correct
B
Beirut
89.9%
B
Belgrade
88.9%
B
Baku
88%
A
Abuja
86.1%
A
Accra
84.6%
A
Astana
84.1%
B
Bissau
83.7%
B
Belmopan
82.7%
C
Chisinau
82.2%
A
Asmara
79.8%
A
Apia
78.8%
B
Brazzaville
78.4%
B
Bishkek
77.4%
B
Bridgetown
77.4%
A
Antananarivo
76%
B
Bamako
75.5%
B
Bangui
74%
B
Banjul
71.6%
B
Bandar Seri Begawan
70.7%
B
Bujumbura
69.7%
C
Conakry
69.7%
C
Castries
67.3%
B
Basseterre
66.3%
A
Ashgabat
59.1%
Quiz Playlist
Details
Report
Send in Message
Add To Playlist
Classic:
Type in answers that appear in a list
Last Updated: Feb 16, 2017
Quiz Scoreboard
CHALLENGE
Sign Up to Join the Scoreboard
Show All
Scores
Hide
Comments
May contain spoilers
Recently Published
Pick 6: Fruits
by JohnFran
Miscellaneous
15s
Click the 1999 NBA Draft
by nibperrychub
Sports
2m
Alphabetical 'K' Countries by Flag Minefield
by ylime102
Geography
3m
More to Explore
Quiz From the Vault
Featured Blog Post
15 Basketball Trivia Facts You Can Be March Mad About
hide this ad
You Might Also Like...
Tags
Capital Quiz
ABC
Today's Top Quizzes in Geography
Browse Geography
hide this ad
Today's Top Quizzes in Capital
Browse Capital
Top Contributed Quizzes in Geography
1
Countries of the World - No Outlines Minefield
2
Find the Landmarks A-Z
3
Lietuvos savivaldybės (Lithuanian Municipalities)
4
Blind Ultimate Minefield: World
5
Ultimate Geography Challenge 'A'
6
Find the US States - No Outlines
7
3, 2, 1 or 0: Land Borders
8
Complete the Map Snippet (Minefield) IX
9
Nickname Match: U.S. States
10
Complete the Map Snippet (Minefield) X
Explore More
Trending Topics
Crossword
Kpop
NBA
Disney
Anime
Harry Potter
Marvel
NFL
Puzzle
The Office
Pokémon
Country
Song
Soccer
WWE
hide this ad
More By:
Bogeiman
Quiz
Plays
Rating
Category
Featured
Created
Harry Potter Advance Guard
10,983
3.85
Literature
Nov 26, 2010
Harry Potter Girlfriends
1,716
2.29
Literature
Nov 26, 2010
City Quiz: Sheffield
1,549
3.60
Geography
Jan 22, 2011
India: Test Cricket Records
1,432
3.33
Sports
Jul 15, 2011
Top tens: England
1,320
4.53
Geography
Oct 28, 2011
Go to Creator's Profile
Score Distribution
Quiz Creator Spotlight
Bogeiman
Follow
Send a Message
Quizzes Created
-
Created Quiz Play Count
-
More By This Creator
Popular Quizzes Today
1
Countries of Asia Without Outlines Minefield
2
Find the US States - No Outlines Minefield
3
Pick 6: Fruits
4
Alphabetical 'K' Countries by Flag Minefield
5
The Countries of the World
6
Click the 1999 NBA Draft
7
Match the Book to the Film X
8
Find the US States
More Geography Quizzes
100 Largest 5 Letter European Cities - Alphab.Order
Curator's Pick
Trending Quizzes
Pick 6: Harry Potter
Pick 6: Golfers
Donkey Kong Minefield
DC Extended Universe: Oldest to Newest
Multiplication Danger Zone
Recently Updated
Women's Final Four Teams by Year
bhenderson79
Presidents Quartet II
eogle
Anything But Clue(do)
eogle
Anything But Oceanian Capitals
eogle
Anything But 7
eogle
Anything But Thing
eogle
Word Ladder: February 29
pecheneg
Song Title Questions
pecheneg
Women's NCAA Tournament #1 Seeds
pecheneg
Celebrity Mug Shots
pecheneg
Trending Topics
Marvel
Kpop
Disney
NBA
Crossword
Anime
Harry Potter
Country
Puzzle
WWE
Song
The Office
Soccer
NFL
Pokémon
Your Account Isn't Verified!
In order to create a playlist on Sporcle, you need to verify the email address you used during registration. Go to your
Sporcle Settings
to finish the process.
Report this User
Report this user for behavior that violates our
Community Guidelines
.
Details:
Send Report
Go to the Sporcle.com Mobile Site →
Comments